[Event "GBR-ch61"]
[Site "Clacton"]
[Date "1974.08.08"]
[Round "4"]
[White "Sinclair, Ian J"]
[Black "Mestel, A Jonathan"]
[Result "0-1"]
[WhiteElo "2200"]
[BlackElo "2270"]
[PlyCount "78"]
[EventDate "1974.08.05"]
[EventType "swiss"]
[EventRounds "11"]
[EventCountry "GBR"]
[SourceTitle "BritBase"]
[SourceQuality "2"]

1. e4 d6 2. Nc3 g6 3. g3 Bg7 4. Bg2 Nf6 5. Nge2 c5 6. O-O Nc6 7. d3 Rb8 8. a4
a6 9. f4 Bd7 10. Nd5 Nxd5 11. exd5 Nd4 12. Nxd4 cxd4 13. Qe2 Rc8 14. b3 O-O 15.
Ba3 Re8 16. g4 Qc7 17. Rf2 Qc3 18. Rb1 Bf6 19. Bf3 Ra8 20. Bb2 Qc7 21. Qe4 Qc5
22. Bc1 e6 23. g5 Bg7 24. Bb2 e5 25. Bg2 Bf5 26. Qf3 e4 27. dxe4 Bxe4 28. Qxe4
Rxe4 29. Bxe4 Re8 30. Bd3 Qxd5 31. Rbf1 Re3 32. Bc1 Rxd3 33. cxd3 Qxb3 34. f5
gxf5 35. Rxf5 Qxd3 36. Rxf7 Qe4 37. R7f4 Qc2 38. h4 d3 39. Be3 d2 0-1

[Event "GBR-ch61"]
[Site "Clacton"]
[Date "1974.08.08"]
[Round "4"]
[White "Williams, Arthur Howard"]
[Black "Botterill, George Steven"]
[Result "0-1"]
[WhiteElo "2405"]
[BlackElo "2410"]
[PlyCount "56"]
[EventDate "1974.08.05"]
[EventType "swiss"]
[EventRounds "11"]
[EventCountry "GBR"]
[SourceTitle "BritBase"]
[SourceQuality "2"]

1. d4 Nf6 2. c4 g6 3. Nc3 Bg7 4. e4 d6 5. Be2 O-O 6. Nf3 e5 7. d5 a5 8. Bg5 h6
9. Bh4 Na6 10. Nd2 Qe8 11. Rb1 Bd7 12. b3 Nh7 13. f3 f5 14. a3 g5 15. Bf2 Nf6
16. b4 axb4 17. axb4 b6 18. exf5 Bxf5 19. Nde4 g4 20. Bd3 Qg6 21. O-O Nh5 22.
fxg4 Bxg4 23. Nxd6 e4 24. Bxe4 Qg5 25. h4 Qf4 26. Qc1 cxd6 27. Bd3 Be5 28. Qxf4
Nxf4 0-1

[Event "GBR-ch61"]
[Site "Clacton"]
[Date "1974.08.09"]
[Round "5"]
[White "Clarke, Peter Hugh"]
[Black "Lennox, C Jonathan"]
[Result "1/2-1/2"]
[WhiteElo "2355"]
[BlackElo "2200"]
[PlyCount "28"]
[EventDate "1974.08.05"]
[EventType "swiss"]
[EventRounds "11"]
[EventCountry "GBR"]
[SourceTitle "BritBase"]
[SourceQuality "2"]

1. d4 Nf6 2. c4 c5 3. Nf3 e6 4. e3 d5 5. dxc5 Bxc5 6. a3 dxc4 7. Qxd8+ Kxd8 8.
Bxc4 Nc6 9. Nc3 Bd7 10. Ke2 Ke7 11. Rd1 Rhd8 12. Bd2 Be8 13. Rac1 Bb6 14. Be1
Rxd1 1/2-1/2

[Event "GBR-ch61"]
[Site "Clacton"]
[Date "1974.08.09"]
[Round "5"]
[White "Eley, Brian Ratcliffe"]
[Black "Mabbs, David J"]
[Result "1/2-1/2"]
[WhiteElo "2350"]
[BlackElo "2200"]
[PlyCount "90"]
[EventDate "1974.08.05"]
[EventType "swiss"]
[EventRounds "11"]
[EventCountry "GBR"]
[SourceTitle "BritBase"]
[SourceQuality "2"]

1. e4 e6 2. d4 d5 3. e5 c5 4. c3 Qb6 5. Bd3 cxd4 6. cxd4 Nc6 7. Nf3 Bd7 8. Nc3
Nxd4 9. Nxd4 Qxd4 10. O-O a6 11. Qe2 Ne7 12. Kh1 Nc6 13. f4 Nb4 14. Bb1 Qc4 15.
Qf3 d4 16. Ne4 Nc2 17. b3 Qc8 18. Bxc2 Qxc2 19. Rf2 Qc7 20. Bb2 Bc6 21. Rd2 Rd8
22. Rad1 Bc5 23. Qe2 Bxe4 24. Qxe4 O-O 25. h3 g6 26. Bxd4 Bxd4 27. Rxd4 Rxd4
28. Rxd4 Rd8 29. Rxd8+ Qxd8 30. Qxb7 Qd1+ 31. Kh2 Qd2 32. Qc8+ Kg7 33. Qc4 Qxa2
34. Kg3 a5 35. Kf3 Qd2 36. g3 Qd1+ 37. Kf2 h5 38. h4 Qd2+ 39. Qe2 Qd5 40. Qc2
Kf8 41. Ke3 Ke7 42. Qc7+ Ke8 43. Qc8+ Ke7 44. Qc2 Kd7 45. Qc3 Ke7 1/2-1/2

[Event "GBR-ch61"]
[Site "Clacton"]
[Date "1974.08.09"]
[Round "5"]
[White "Hindle, Owen M"]
[Black "Law, Andrew P"]
[Result "1/2-1/2"]
[WhiteElo "2200"]
[BlackElo "2200"]
[PlyCount "33"]
[EventDate "1974.08.05"]
[EventType "swiss"]
[EventRounds "11"]
[EventCountry "GBR"]
[SourceTitle "BritBase"]
[SourceQuality "2"]

1. e4 c5 2. Nf3 e6 3. d4 cxd4 4. Nxd4 Nf6 5. Nc3 d6 6. Be2 Be7 7. O-O O-O 8. f4
Nc6 9. Kh1 Nxd4 10. Qxd4 b6 11. Bf3 Bb7 12. Be3 Qc7 13. Nb5 Qc6 14. e5 dxe5 15.
Bxc6 exd4 16. Bxb7 Rab8 17. Bxd4 1/2-1/2

[Event "GBR-ch61"]
[Site "Clacton"]
[Date "1974.08.09"]
[Round "5"]
[White "Holloway, Nigel J"]
[Black "Perkins, Alan H"]
[Result "1/2-1/2"]
[WhiteElo "2200"]
[BlackElo "2360"]
[PlyCount "67"]
[EventDate "1974.08.05"]
[EventType "swiss"]
[EventRounds "11"]
[EventCountry "GBR"]
[SourceTitle "BritBase"]
[SourceQuality "2"]

1. Nf3 Nf6 2. c4 e6 3. g3 d5 4. Bg2 c6 5. b3 a5 6. Bb2 Na6 7. O-O Be7 8. d4 O-O
9. Nc3 Rb8 10. Ne5 Ne8 11. e4 f6 12. Nd3 dxc4 13. bxc4 Nd6 14. Qb3 b5 15. cxb5
cxb5 16. Rad1 a4 17. Qc2 Nc4 18. Ba1 Qa5 19. e5 fxe5 20. dxe5 Bb7 21. Ne4 Bd5
22. Nf4 Nc7 23. Nd6 Bxg2 24. Kxg2 Nd5 25. Nxd5 exd5 26. Nf5 Rbe8 27. Kg1 b4 28.
Rfe1 b3 29. axb3 axb3 30. Nxe7+ Rxe7 31. Qc3 Qb6 32. Qd4 b2 33. Bxb2 Qxb2 34.
Qxd5+ 1/2-1/2

[Event "GBR-ch61"]
[Site "Clacton"]
[Date "1974.08.09"]
[Round "5"]
[White "Horner, Jeff"]
[Black "Ludgate, Alan Templeton"]
[Result "1/2-1/2"]
[WhiteElo "2200"]
[BlackElo "2200"]
[PlyCount "126"]
[EventDate "1974.08.05"]
[EventType "swiss"]
[EventRounds "11"]
[EventCountry "GBR"]
[SourceTitle "BritBase"]
[SourceQuality "2"]

1. e4 e5 2. Nf3 Nc6 3. Bb5 a6 4. Ba4 Nf6 5. O-O Be7 6. d4 exd4 7. e5 Ne4 8. b4
Nc3 9. Nxc3 dxc3 10. a3 O-O 11. Qd3 d6 12. Bxc6 bxc6 13. Qxc3 dxe5 14. Nxe5 Bf6
15. Bf4 Qd5 16. Rfe1 Bf5 17. Rad1 Qb5 18. Qb3 c5 19. c4 Qb7 20. g4 Bxe5 21.
Bxe5 Be4 22. Qg3 Rfe8 23. Rd7 Bc6 24. Rdd1 cxb4 25. Rb1 a5 26. g5 Be4 27. Rb3
Re6 28. Rbe3 Bc2 29. h4 Rae8 30. axb4 axb4 31. h5 c5 32. h6 gxh6 33. Bb2 Qb8
34. Be5 Qd8 35. Bf6 Rxe3 36. fxe3 Qd3 37. Ra1 Bb1 38. Qe5 Qd1+ 39. Kf2 Qd2+ 40.
Kf3 Qd1+ 41. Kf2 Qc2+ 42. Kg3 Qe4 43. Qxe4 Bxe4 44. gxh6 Re6 45. Bg7 f6 46. Kf4
Kf7 47. Ra7+ Kg6 48. Ra5 b3 49. Rb5 Bc2 50. Kf3 Ra6 51. Ke2 Ra4 52. Kd2 Rxc4
53. Rb6 Bf5 54. Rxb3 Re4 55. Rb6 Be6 56. Kd3 Kf5 57. Rb1 c4+ 58. Kd2 Kg5 59.
Rf1 Bf5 60. Rg1+ Bg4 61. Rc1 Be6 62. Rg1+ Rg4 63. Rxg4+ Bxg4 1/2-1/2

[Event "GBR-ch61"]
[Site "Clacton"]
[Date "1974.08.09"]
[Round "5"]
[White "Knox, Victor W"]
[Black "Williams, Arthur Howard"]
[Result "1/2-1/2"]
[WhiteElo "2200"]
[BlackElo "2405"]
[PlyCount "50"]
[EventDate "1974.08.05"]
[EventType "swiss"]
[EventRounds "11"]
[EventCountry "GBR"]
[SourceTitle "BritBase"]
[SourceQuality "2"]

1. e4 c5 2. Nf3 Nc6 3. d4 cxd4 4. Nxd4 Nf6 5. Nc3 d6 6. Bg5 e6 7. Qd2 a6 8.
O-O-O Bd7 9. f4 Be7 10. Nf3 b5 11. e5 b4 12. exd6 bxc3 13. Qxc3 Bf8 14. f5 Rb8
15. fxe6 fxe6 16. Bc4 Ne4 17. Qe3 Nxg5 18. Nxg5 Qb6 19. Qxb6 Rxb6 20. Bxe6 g6
21. Bxd7+ Kxd7 22. Rhf1 Bh6 23. Rf7+ Ke8 24. Re1+ Kd8 25. h4 Re8 1/2-1/2

[Event "GBR-ch61"]
[Site "Clacton"]
[Date "1974.08.09"]
[Round "5"]
[White "Mestel, A Jonathan"]
[Black "Botterill, George Steven"]
[Result "1-0"]
[WhiteElo "2270"]
[BlackElo "2410"]
[PlyCount "67"]
[EventDate "1974.08.05"]
[EventType "swiss"]
[EventRounds "11"]
[EventCountry "GBR"]
[SourceTitle "BritBase"]
[SourceQuality "2"]

1. e4 d6 2. d4 Nf6 3. Nc3 g6 4. Bg5 c6 5. Qd2 b5 6. Bd3 Bg7 7. f4 O-O 8. Nf3
Nbd7 9. O-O b4 10. Ne2 Qb6 11. Ng3 e5 12. c3 c5 13. dxe5 dxe5 14. Bc4 bxc3 15.
bxc3 Rb8 16. Nxe5 Nxe5 17. fxe5 Ng4 18. Be7 Be6 19. Bxe6 Qxe6 20. Bxf8 Rxf8 21.
Qd5 Qxe5 22. Qxe5 Bxe5 23. Rf3 h5 24. Rb1 Nxh2 25. Kxh2 h4 26. Rb7 hxg3+ 27.
Kh3 Kg7 28. Kg4 a6 29. Ra7 Kh6 30. Rfxf7 Rxf7 31. Rxf7 Bxc3 32. Re7 Bd4 33. e5
c4 34. e6 1-0

[Event "GBR-ch61"]
[Site "Clacton"]
[Date "1974.08.09"]
[Round "5"]
[White "Penrose, Jonathan"]
[Black "Sinclair, Ian J"]
[Result "1/2-1/2"]
[WhiteElo "2450"]
[BlackElo "2200"]
[PlyCount "60"]
[EventDate "1974.08.05"]
[EventType "swiss"]
[EventRounds "11"]
[EventCountry "GBR"]
[SourceTitle "BritBase"]
[SourceQuality "2"]

1. e4 d5 2. exd5 Nf6 3. c4 c6 4. d4 cxd5 5. Nc3 e6 6. Nf3 Be7 7. cxd5 Nxd5 8.
Bd3 Nc6 9. O-O O-O 10. Re1 Bf6 11. Bc4 Nce7 12. Ne5 Bd7 13. Qd3 g6 14. Bh6 Bg7
15. Bxg7 Kxg7 16. Bxd5 Nxd5 17. Nxd5 exd5 18. Qb3 Be6 19. Re3 Qd6 20. Rc1 Rac8
21. Rec3 Rc7 22. g3 Rfc8 23. Qc2 Qb4 24. Qd2 Qd6 25. Ng4 f6 26. h4 Rf7 27. Re1
Rcf8 28. Rce3 Kh8 29. Nh6 Rg7 30. h5 Bd7 1/2-1/2

[Event "GBR-ch61"]
[Site "Clacton"]
[Date "1974.08.09"]
[Round "5"]
[White "Thomas, Ronald"]
[Black "Wise, Derek Maurice"]
[Result "1/2-1/2"]
[WhiteElo "2200"]
[BlackElo "2200"]
[PlyCount "73"]
[EventDate "1974.08.05"]
[EventType "swiss"]
[EventRounds "11"]
[EventCountry "GBR"]
[SourceTitle "BritBase"]
[SourceQuality "2"]

1. e4 c5 2. Nc3 Nc6 3. g3 g6 4. Bg2 Bg7 5. d3 d6 6. f4 e6 7. Nf3 Nge7 8. O-O
O-O 9. Bd2 Rb8 10. Rb1 b5 11. a3 b4 12. axb4 cxb4 13. Ne2 a5 14. Be3 a4 15. d4
Ba6 16. Re1 Na5 17. c3 Nc4 18. Bf2 bxc3 19. bxc3 Qa5 20. Ra1 a3 21. Bf1 Rb2 22.
Nc1 Rfb8 23. Nd3 R2b7 24. Nb4 Nb2 25. Qb3 Bxf1 26. Rxa3 Qh5 27. Qxb2 Qxf3 28.
Rxf1 Qxe4 29. Re1 Qf5 30. Qa2 Rc8 31. Ra5 d5 32. Rc5 Rcb8 33. Ra1 h5 34. Ra5
Bf6 35. Ra8 Kg7 36. Qc2 Qxc2 37. Nxc2 1/2-1/2

[Event "GBR-ch61"]
[Site "Clacton"]
[Date "1974.08.09"]
[Round "5"]
[White "Webb, Roger"]
[Black "Hartston, William Roland"]
[Result "0-1"]
[WhiteElo "2200"]
[BlackElo "2480"]
[PlyCount "78"]
[EventDate "1974.08.05"]
[EventType "swiss"]
[EventRounds "11"]
[EventCountry "GBR"]
[SourceTitle "BritBase"]
[SourceQuality "2"]

1. Nf3 Nf6 2. g3 d5 3. Bg2 c6 4. O-O Bf5 5. d3 h6 6. b3 e6 7. Bb2 Be7 8. Nbd2
O-O 9. Qe1 a5 10. e4 Bh7 11. a3 c5 12. a4 Nc6 13. Ne5 Nd4 14. Rc1 Qc7 15. f4
Rab8 16. Ndf3 dxe4 17. dxe4 Rfd8 18. Nd2 Ne8 19. Ndc4 b6 20. Kh1 f6 21. Nf3
Nxf3 22. Bxf3 Nd6 23. Nxd6 Bxd6 24. Qe2 c4 25. bxc4 e5 26. f5 Kf8 27. c5 Bxc5
28. Qb5 Bg8 29. Be2 Qb7 30. Bd3 Bf7 31. Ra1 Rbc8 32. Rfe1 Bb4 33. Ba3 Rd4 34.
Kg2 Rc5 35. Bxb4 Rxb4 36. Qa6 Rxc2+ 37. Kh3 Qxa6 38. Bxa6 Be8 39. Rab1 Bxa4 0-1

[Event "GBR-ch61"]
[Site "Clacton"]
[Date "1974.08.09"]
[Round "5"]
[White "Webb, Simon"]
[Black "Hempson, Peter W"]
[Result "1-0"]
[WhiteElo "2380"]
[BlackElo "2200"]
[PlyCount "69"]
[EventDate "1974.08.05"]
[EventType "swiss"]
[EventRounds "11"]
[EventCountry "GBR"]
[SourceTitle "BritBase"]
[SourceQuality "2"]

1. Nf3 d5 2. d4 Nf6 3. c4 dxc4 4. e3 e6 5. Bxc4 c5 6. O-O a6 7. a4 Nc6 8. Qe2
Be7 9. dxc5 Bxc5 10. e4 O-O 11. e5 Ng4 12. h3 Nxf2 13. Rxf2 Nd4 14. Nxd4 Qxd4
15. Nd2 Qxf2+ 16. Qxf2 Bxf2+ 17. Kxf2 Bd7 18. a5 f6 19. exf6 Rxf6+ 20. Nf3 Rc8
21. b3 Rc5 22. Bb2 Rh6 23. Rd1 Bb5 24. Rd8+ Kf7 25. Ba3 Rf5 26. g4 Rxf3+ 27.
Kxf3 Bxc4 28. Rf8+ Kg6 29. Kg3 Bxb3 30. h4 Bd1 31. h5+ Rxh5 32. gxh5+ Bxh5 33.
Kf4 Be2 34. Bb2 Bc4 35. Be5 1-0

[Event "GBR-ch61"]
[Site "Clacton"]
[Date "1974.08.10"]
[Round "6"]
[White "Botterill, George Steven"]
[Black "Bellin, Robert"]
[Result "1/2-1/2"]
[WhiteElo "2410"]
[BlackElo "2355"]
[PlyCount "39"]
[EventDate "1974.08.05"]
[EventType "swiss"]
[EventRounds "11"]
[EventCountry "GBR"]
[SourceTitle "BritBase"]
[SourceQuality "2"]

1. Nf3 c5 2. g3 g6 3. Bg2 Bg7 4. O-O Nc6 5. d3 d6 6. c4 Rb8 7. Nc3 a6 8. e3 Nf6
9. d4 O-O 10. a4 Bd7 11. Qe2 Bg4 12. dxc5 dxc5 13. h3 Bxf3 14. Bxf3 Ne5 15. Bg2
Qd3 16. Qxd3 Nxd3 17. Rb1 Rfd8 18. Rd1 b6 19. b3 e6 20. Kf1 1/2-1/2

[Event "GBR-ch61"]
[Site "Clacton"]
[Date "1974.08.10"]
[Round "6"]
[White "Hartston, William Roland"]
[Black "Hempson, Peter W"]
[Result "1/2-1/2"]
[WhiteElo "2480"]
[BlackElo "2200"]
[PlyCount "82"]
[EventDate "1974.08.05"]
[EventType "swiss"]
[EventRounds "11"]
[EventCountry "GBR"]
[SourceTitle "BritBase"]
[SourceQuality "2"]

1. e4 e6 2. Nc3 d5 3. d4 Bb4 4. e5 c5 5. a3 Bxc3+ 6. bxc3 Ne7 7. Nf3 b6 8. a4
Qc7 9. Bb5+ Bd7 10. Bd3 Nbc6 11. O-O c4 12. Be2 f5 13. exf6 gxf6 14. Re1 O-O-O
15. Bf1 Ng6 16. Bh6 Rhg8 17. g3 Nce7 18. Bh3 e5 19. Bxd7+ Rxd7 20. dxe5 fxe5
21. Bg5 Nc6 22. h4 e4 23. Nh2 h6 24. Bxh6 Nxh4 25. Kf1 Rxg3 26. fxg3 Qxg3 27.
Qg4 Qxh2 28. Bf4 Qh1+ 29. Kf2 Qf3+ 30. Qxf3 Nxf3 31. Rh1 Rf7 32. Ke3 Ne7 33.
Rh8+ Kd7 34. Rah1 Rxf4 35. Kxf4 Ng6+ 36. Ke3 Nxh8 37. Rxh8 Kc6 38. Rc8+ Kd7 39.
Rg8 Kc6 40. Rc8+ Kd7 41. Rh8 Kc6 1/2-1/2

[Event "GBR-ch61"]
[Site "Clacton"]
[Date "1974.08.10"]
[Round "6"]
[White "Haygarth, Michael J"]
[Black "Stean, Michael F"]
[Result "1/2-1/2"]
[WhiteElo "2200"]
[BlackElo "2345"]
[PlyCount "47"]
[EventDate "1974.08.05"]
[EventType "swiss"]
[EventRounds "11"]
[EventCountry "GBR"]
[SourceTitle "BritBase"]
[SourceQuality "2"]

1. Nf3 c5 2. c4 g6 3. d4 cxd4 4. Nxd4 Nc6 5. e4 Bg7 6. Be3 b6 7. Nc3 Bb7 8. Be2
Nf6 9. f3 O-O 10. O-O d6 11. Rc1 Qd7 12. Qd2 Ne8 13. Rfd1 Rc8 14. b3 f5 15.
exf5 gxf5 16. f4 Nd8 17. Qd3 Kh8 18. Bf3 e6 19. Rc2 Rg8 20. Kh1 Bf6 21. Bg1
Bxf3 22. Qxf3 Rg4 23. Re2 Ng7 24. Rde1 1/2-1/2

[Event "GBR-ch61"]
[Site "Clacton"]
[Date "1974.08.10"]
[Round "6"]
[White "Lennox, C Jonathan"]
[Black "Hardy, Otto H"]
[Result "1/2-1/2"]
[WhiteElo "2200"]
[BlackElo "2200"]
[PlyCount "43"]
[EventDate "1974.08.05"]
[EventType "swiss"]
[EventRounds "11"]
[EventCountry "GBR"]
[SourceTitle "BritBase"]
[SourceQuality "2"]

1. e4 e5 2. Nf3 Nc6 3. Bb5 Bc5 4. c3 d5 5. d4 exd4 6. exd5 Qxd5 7. O-O Bg4 8.
Qe1+ Nge7 9. Ne5 Be6 10. Bf4 O-O 11. Bc4 Qd8 12. Bxe6 fxe6 13. Nxc6 Nxc6 14.
Qxe6+ Kh8 15. Qg4 Qe7 16. Nd2 dxc3 17. bxc3 Qf7 18. Bg3 Rae8 19. Qc4 Qxc4 20.
Nxc4 Re2 21. Ne3 Bxe3 22. fxe3 1/2-1/2

[Event "GBR-ch61"]
[Site "Clacton"]
[Date "1974.08.10"]
[Round "6"]
[White "Ludgate, Alan Templeton"]
[Black "Eley, Brian Ratcliffe"]
[Result "1/2-1/2"]
[WhiteElo "2200"]
[BlackElo "2350"]
[PlyCount "167"]
[EventDate "1974.08.05"]
[EventType "swiss"]
[EventRounds "11"]
[EventCountry "GBR"]
[SourceTitle "BritBase"]
[SourceQuality "2"]

1. d4 Nf6 2. c4 e6 3. Nc3 Bb4 4. e3 O-O 5. Nge2 d5 6. a3 Be7 7. Nf4 c6 8. cxd5
exd5 9. Bd3 Re8 10. O-O Bd6 11. f3 Nbd7 12. e4 Qb6 13. Nfe2 dxe4 14. fxe4 Bb8
15. Bf4 Nf8 16. Kh1 Bxf4 17. Rxf4 Ng6 18. Rf1 Be6 19. e5 Nd5 20. Qd2 Nxc3 21.
bxc3 Rad8 22. Qe3 c5 23. Rab1 cxd4 24. cxd4 Qa5 25. Be4 b6 26. Rbc1 Rc8 27. Ng3
Red8 28. Nf5 Rxc1 29. Rxc1 Bxf5 30. Bxf5 Qd5 31. Bxg6 hxg6 32. h3 Qxd4 33. Qxd4
Rxd4 34. Rc8+ Kh7 35. Rc7 Ra4 36. Rxf7 Rxa3 37. e6 Kg8 38. Rb7 Kf8 39. Kg1 Ra5
40. Kf2 b5 41. Kf3 a6 42. Ke4 Ra2 43. g4 Rc2 44. Rb6 Rc4+ 45. Kd5 Rc8 46. Kd6
Ke8 47. Rxa6 Rb8 48. Kc7 Rd8 49. Rb6 Rd3 50. Rxb5 Ke7 51. Rg5 Rf3 52. Kb6 Kxe6
53. Rxg6+ Kf7 54. Rg5 Rxh3 55. Kc5 Kf6 56. Rf5+ Kg6 57. Kd4 Rg3 58. Ra5 Rxg4+
59. Ke3 Rg5 60. Ra6+ Kh5 61. Kf2 Kh4 62. Ra3 Rg4 63. Rb3 g5 64. Ra3 Re4 65. Kg2
Re2+ 66. Kg1 Kg4 67. Rb3 Kf4 68. Ra3 Rb2 69. Rc3 Kg4 70. Ra3 Kh4 71. Rc3 Rb4
72. Kg2 Kg4 73. Ra3 Rd4 74. Rb3 Rd2+ 75. Kg1 Kh4 76. Ra3 g4 77. Rb3 Ra2 78. Rc3
Ra4 79. Kg2 Ra2+ 80. Kg1 Rb2 81. Ra3 Rb4 82. Kg2 g3 83. Ra8 Rb2+ 84. Kg1
1/2-1/2

[Event "GBR-ch61"]
[Site "Clacton"]
[Date "1974.08.10"]
[Round "6"]
[White "Mabbs, David J"]
[Black "Horner, Jeff"]
[Result "0-1"]
[WhiteElo "2200"]
[BlackElo "2200"]
[PlyCount "58"]
[EventDate "1974.08.05"]
[EventType "swiss"]
[EventRounds "11"]
[EventCountry "GBR"]
[SourceTitle "BritBase"]
[SourceQuality "2"]

1. e4 e5 2. Nf3 Nc6 3. Bc4 Bc5 4. b4 Bb6 5. a4 a6 6. a5 Ba7 7. O-O d6 8. c3 Qf6
9. b5 axb5 10. Bxb5 Nge7 11. d4 O-O 12. d5 Qg6 13. dxc6 bxc6 14. Bd3 Bg4 15.
Kh1 Qh5 16. Be2 f5 17. Nbd2 d5 18. Ba3 Ng6 19. Bxf8 Nf4 20. Ba3 fxe4 21. Nxe4
dxe4 22. Nxe5 Bxe2 23. Qb3+ Nd5 24. Nxc6 Kh8 25. Nxa7 Bf3 26. Rg1 Nf4 27. Qd1
Bxd1 28. Raxd1 Nd3 29. Rd2 Rxa7 0-1

[Event "GBR-ch61"]
[Site "Clacton"]
[Date "1974.08.10"]
[Round "6"]
[White "Mestel, A Jonathan"]
[Black "Webb, Simon"]
[Result "1/2-1/2"]
[WhiteElo "2270"]
[BlackElo "2380"]
[PlyCount "30"]
[EventDate "1974.08.05"]
[EventType "swiss"]
[EventRounds "11"]
[EventCountry "GBR"]
[SourceTitle "BritBase"]
[SourceQuality "2"]

1. e4 e6 2. d4 d5 3. Nd2 c5 4. Ngf3 Nc6 5. exd5 exd5 6. Bb5 Bd6 7. dxc5 Bxc5 8.
O-O Nge7 9. Nb3 Bb6 10. Re1 O-O 11. Be3 Bf5 12. Bxb6 Qxb6 13. Nfd4 Be4 14. c3
Nxd4 15. Nxd4 Nc6 1/2-1/2

[Event "GBR-ch61"]
[Site "Clacton"]
[Date "1974.08.10"]
[Round "6"]
[White "Nunn, John DM"]
[Black "Holloway, Nigel J"]
[Result "1/2-1/2"]
[WhiteElo "2395"]
[BlackElo "2200"]
[PlyCount "62"]
[EventDate "1974.08.05"]
[EventType "swiss"]
[EventRounds "11"]
[EventCountry "GBR"]
[SourceTitle "BritBase"]
[SourceQuality "2"]

1. e4 Nf6 2. e5 Nd5 3. d4 d6 4. c4 Nb6 5. f4 dxe5 6. fxe5 Bf5 7. Nc3 e6 8. Nf3
Nc6 9. Be3 Be7 10. d5 Nb4 11. Rc1 exd5 12. a3 c5 13. axb4 d4 14. Bxd4 cxd4 15.
Nxd4 Bg6 16. c5 O-O 17. cxb6 Bxb4 18. Be2 Qxb6 19. O-O Rad8 20. Rf4 Bc5 21.
Ncb5 Rfe8 22. Nd6 Bxd6 23. exd6 Qxd6 24. Qf1 Qb6 25. Rd1 Qxb2 26. Bc4 Re7 27.
Nf5 Qb6+ 28. Kh1 Bxf5 29. Rxd8+ Qxd8 30. Rxf5 Qc7 31. h4 a5 1/2-1/2

[Event "GBR-ch61"]
[Site "Clacton"]
[Date "1974.08.10"]
[Round "6"]
[White "Penrose, Jonathan"]
[Black "Webb, Roger"]
[Result "1/2-1/2"]
[WhiteElo "2450"]
[BlackElo "2200"]
[PlyCount "51"]
[EventDate "1974.08.05"]
[EventType "swiss"]
[EventRounds "11"]
[EventCountry "GBR"]
[SourceTitle "BritBase"]
[SourceQuality "2"]

1. e4 e5 2. Nf3 Nc6 3. Bb5 Nf6 4. d3 d6 5. c3 Bd7 6. O-O g6 7. Re1 Bg7 8. Nbd2
O-O 9. Nf1 Qe7 10. Ba4 Nd8 11. Bc2 Ne6 12. d4 Nf4 13. Ne3 Rfe8 14. Nc4 Rad8 15.
Bxf4 exf4 16. e5 dxe5 17. Ncxe5 Be6 18. Ng5 Qf8 19. Qf3 Nd5 20. Bb3 c6 21. c4
Nc7 22. d5 cxd5 23. cxd5 Nxd5 24. Rad1 Bxe5 25. Rxe5 Nc7 26. Rxd8 1/2-1/2

[Event "GBR-ch61"]
[Site "Clacton"]
[Date "1974.08.10"]
[Round "6"]
[White "Perkins, Alan H"]
[Black "Hindle, Owen M"]
[Result "1/2-1/2"]
[WhiteElo "2360"]
[BlackElo "2200"]
[PlyCount "36"]
[EventDate "1974.08.05"]
[EventType "swiss"]
[EventRounds "11"]
[EventCountry "GBR"]
[SourceTitle "BritBase"]
[SourceQuality "2"]

1. d4 Nf6 2. c4 g6 3. Nc3 Bg7 4. e4 d6 5. f3 O-O 6. Be3 b6 7. Bd3 a6 8. Nge2 c5
9. d5 e6 10. O-O exd5 11. cxd5 Nbd7 12. b3 b5 13. Qd2 b4 14. Na4 Ne5 15. Nb2
Nxd3 16. Nxd3 Re8 17. a4 bxa3 18. Rxa3 Bd7 1/2-1/2

[Event "GBR-ch61"]
[Site "Clacton"]
[Date "1974.08.10"]
[Round "6"]
[White "Sinclair, Ian J"]
[Black "Clarke, Peter Hugh"]
[Result "1-0"]
[WhiteElo "2200"]
[BlackElo "2355"]
[PlyCount "133"]
[EventDate "1974.08.05"]
[EventType "swiss"]
[EventRounds "11"]
[EventCountry "GBR"]
[SourceTitle "BritBase"]
[SourceQuality "2"]

1. c4 e6 2. g3 f5 3. Bg2 Nf6 4. Nc3 Be7 5. d3 d5 6. cxd5 exd5 7. e3 c6 8. Nge2
Nbd7 9. O-O Ne5 10. Rb1 a5 11. a3 O-O 12. b4 axb4 13. axb4 b5 14. f4 Nf7 15.
Nd4 Ra6 16. Qb3 Bd7 17. Bb2 Bd6 18. Rfe1 Re8 19. Nd1 Bc7 20. Nf2 Bb6 21. Nc2
Kf8 22. Ra1 Rxa1 23. Bxa1 Qc7 24. Bd4 Bxd4 25. Nxd4 Qb6 26. Qc3 Nd6 27. Bh3 Kf7
28. Re2 g6 29. Nd1 Ng4 30. Bg2 Ra8 31. h3 Nh6 32. Rc2 Rc8 33. Nf3 Kg8 34. Ne5
Be8 35. Kf2 Nhf7 36. Nxf7 Bxf7 37. Qf6 Ne8 38. Qe5 Ra8 39. Nc3 Nc7 40. Ne2 Na6
41. Qc3 Rc8 42. d4 Nb8 43. Qa3 Nd7 44. Ra2 Qd8 45. Nc1 Nb6 46. Nd3 Ra8 47. Qb3
Nc4 48. Ne5 Be8 49. Bf1 Kf8 50. Qb1 Rxa2+ 51. Qxa2 Qe7 52. Bxc4 dxc4 53. Qa5
Qd6 54. g4 fxg4 55. hxg4 h5 56. g5 h4 57. Nf3 h3 58. Kg3 Qd5 59. Qa7 c3 60. e4
Qc4 61. Ne5 Qxb4 62. Qh7 Qd6 63. f5 gxf5 64. exf5 Qd5 65. Qh8+ Qg8 66. Qf6+ Bf7
67. Ng6+ 1-0

[Event "GBR-ch61"]
[Site "Clacton"]
[Date "1974.08.10"]
[Round "6"]
[White "Swanson, Stephen"]
[Black "Thomas, Ronald"]
[Result "1/2-1/2"]
[WhiteElo "2200"]
[BlackElo "2200"]
[PlyCount "83"]
[EventDate "1974.08.05"]
[EventType "swiss"]
[EventRounds "11"]
[EventCountry "GBR"]
[SourceTitle "BritBase"]
[SourceQuality "2"]

1. c4 e6 2. Nc3 d5 3. d4 Bb4 4. a3 Bxc3+ 5. bxc3 Nc6 6. e3 Na5 7. cxd5 exd5 8.
Bd3 Ne7 9. a4 Bf5 10. Ba3 Qd7 11. Bxe7 Kxe7 12. Nf3 Rhe8 13. Qc2 Bxd3 14. Qxd3
g6 15. Nd2 Qc6 16. O-O Kf8 17. Rfc1 Nc4 18. Nxc4 dxc4 19. Qc2 Re4 20. Qb2 Rg4
21. g3 Rg5 22. Qb4+ Kg7 23. Rcb1 b6 24. Qa3 Re8 25. Qa2 a5 26. Qe2 h5 27. Re1
f5 28. Qf1 h4 29. Qg2 Qe6 30. Qf3 Rg4 31. Rad1 Re4 32. Rf1 g5 33. d5 Qd7 34.
Rd4 g4 35. Qd1 Qd6 36. Rxe4 Rxe4 37. Qd2 c5 38. Rd1 hxg3 39. hxg3 Kg6 40. Qb2
Re7 41. Qb5 Rxe3 42. Qxc4 1/2-1/2

[Event "GBR-ch61"]
[Site "Clacton"]
[Date "1974.08.10"]
[Round "6"]
[White "Williams, Arthur Howard"]
[Black "Bennett, Gerald H"]
[Result "1-0"]
[WhiteElo "2405"]
[BlackElo "2200"]
[PlyCount "81"]
[EventDate "1974.08.05"]
[EventType "swiss"]
[EventRounds "11"]
[EventCountry "GBR"]
[SourceTitle "BritBase"]
[SourceQuality "2"]

1. d4 f5 2. g3 Nf6 3. Bg2 e6 4. Nf3 Be7 5. O-O O-O 6. c4 d5 7. b3 c6 8. Bb2 Qe8
9. Ne5 Nbd7 10. Nd3 g5 11. Nd2 Qh5 12. e3 Qh6 13. Qe2 Ne4 14. f3 Nxd2 15. Qxd2
Nf6 16. e4 Bd7 17. Rae1 Rae8 18. exf5 exf5 19. Rxe7 Rxe7 20. Ba3 Rfe8 21. Bxe7
Rxe7 22. Re1 Rxe1+ 23. Qxe1 Qf8 24. Qe5 dxc4 25. bxc4 Kg7 26. f4 g4 27. Nc5 Bc8
28. Bf1 b6 29. Nd3 Qe8 30. Bg2 Be6 31. d5 cxd5 32. cxd5 Bf7 33. Qd4 Qd8 34. d6
Bxa2 35. Bc6 Kf7 36. d7 Be6 37. Ne5+ Kg8 38. Bb5 a5 39. Bc4 Bxc4 40. Qxc4+ Kg7
41. Qc8 1-0